Countries With Megacities in 2100 - Statistics

General Stats
  • This quiz has been taken 46 times
  • The average score is 30 of 47
Answer Stats
# of Megacities Country % Correct
6 China
100%
12 India
100%
3 United States
100%
2 Brazil
89%
1 Japan
89%
1 Mexico
89%
3 Egypt
86%
1 Niger
86%
6 Nigeria
86%
1 Indonesia
84%
1 Argentina
81%
3 Pakistan
81%
2 Bangladesh
76%
1 Colombia
76%
1 Türkiye
76%
1 France
73%
1 Peru
73%
1 Ethiopia
70%
2 Vietnam
70%
3 D. R. Congo
68%
2 Kenya
68%
1 Tanzania
65%
1 Sudan
62%
1 Thailand
62%
1 Ghana
59%
1 Somalia
59%
1 Angola
57%
1 Côte d'Ivoire
57%
1 Iraq
57%
1 Myanmar
57%
1 Philippines
57%
1 Senegal
57%
1 Afghanistan
51%
1 Chad
51%
1 Uganda
49%
1 Zambia
49%
2 Malawi
46%
1 Mali
46%
1 Mozambique
43%
1 Guinea
41%
1 Rwanda
41%
1 Burkina Faso
38%
1 Madagascar
38%
1 Togo
32%
3 Yemen
32%
1 Liberia
24%
1 Cambodia
22%
No matching quizzes found
Score Distribution
Percent of People with Each Score
Percentile by Number Answered
Your Score History
You have not taken this quiz